000
00325nam a2200109Ia 4500
008
171211s9999 xx 000 0 und d
245
_a
DuMont BILDATLAS Amsterdam: Giebel und Grachten, 2. Auflage
245
_c
Susanne Völler
260
_c
2016
650
_x
TRAVEL
856
_u
http://down.ebook777.com/064/9783770194025.pdf
999
_c
349121
_d
349121